| 000 | 00443nam a2200181Ia 4500 | ||
|---|---|---|---|
| 005 | 20250423094833.0 | ||
| 008 | 250422s9999 xx 000 0 und d | ||
| 020 | _a0070273669 | ||
| 050 | _aQA 76.9 .A73H39/ | ||
| 100 | _aHayes, John Patrick. | ||
| 245 | 0 | _aComputer architecture and organization | |
| 260 | _aNew York | ||
| 260 | _bMcGraw-Hill | ||
| 260 | _c1988 | ||
| 300 | _a702 p | ||
| 650 | _aComputer, Architecture | ||
| 942 | _cBK | ||
| 999 |
_c28444 _d28444 |
||